000 00779nam a22002890a 4500
001 PT53564
003 AR-LpoUNG
005 20240214143727.0
008 191001s2013||||ag |||||||||||||||||spa d
020 _a9789870406792
_c$8,03
040 _aAR-LpoUNG
_bspa
_cAR-LpoUNG
_eaacr
041 _aspa
044 _aag
082 0 _a808.068 3 533cel
100 1 _aGiardinelli, Mempo
245 1 0 _aCeleste y la dinosauria en el jardín
250 _a1ra. ed., 5ta. reimpr.
260 _aBuenos Aires :
_bAlfaguara,
_c2013.
300 _a32 p. :
_bil.
505 0 _aSugerido a partir de 0 años (etiqueta ROJA)
650 4 _aCUENTOS
650 4 _aLITERATURA
653 _aLITERATURA INFANTIL
700 1 _aColombo, Natalia
_eil.
905 _a53564
942 _cLIB
_2ddc
999 _c10876
_d10876